01463nam a2200373Ia 4500001001200000003000800012006001900020007001500039008004100054010001700095020001500112020001500127040002100142035002100163050002800184082002400212100001500236245012500251250001200376260004300388300002400431504006600455533015200521650003500673650004900708650003800757650005200795650003200847650001900879655002900898710001700927856012600944999001901070ebr10135460CaPaEBRm u cr cn|||||||||050317s2005 nyua sb 001 0 eng d z 2005045940 z1403978816 z1403969833 aCaPaEBRcCaPaEBR a(OCoLC)56046302514aHG5450.3.A3bP38 2005eb04a332.67/3/0972862221 aPaus, Eva.10aForeign investment, development, and globalizationh[electronic resource] :bcan Costa Rica become Ireland? /cEva Paus. a1st ed. aNew York :bPalgrave Macmillan,c2005. axvi, 250 p. :bill. aIncludes bibliographical references (p. [207]-237) and index. aElectronic reproduction.bPalo Alto, Calif. :cebrary,d2009.nAvailable via World Wide Web.nAccess may be limited to ebrary affiliated libraries. 0aInvestments, ForeignzIreland. 0aInternational business enterpriseszIreland. 0aInvestments, ForeignzCosta Rica. 0aInternational business enterpriseszCosta Rica. 0aHigh technology industries. 0aGlobalization. 7aElectronic books.2local2 aebrary, Inc.40uhttp://site.ebrary.com/lib/rucke/Doc?id=10135460zAn electronic book accessible through the World Wide Web; click to view c187847d187847